000 00509nam a2200097Ia 4500
008 170517s9999 xx 000 0 und d
245 4 _aThe Secret History of the Global Financial Collapse
300 _aDoc Zone has traveled the world - from Wall Street to Dubai to China - to investigate The Secret History of the Global Financial Collapse. Meltdown is the story of the bankers who crashed the world, the leaders who...
650 _xBusiness and Economics.
856 _uhttp://topdocumentaryfilms.com/meltdown/
999 _c333321
_d333321